000 00603cam a22002171 4500
001 sa 65010599
003 DLC
005 20260227112209.0
008 960920s195u pk 000 0 pusr
010 _asa 65010599
025 _aPL480:P-Pushto-201
035 _a(OCoLC)35598490
040 _aDLC
_cCLU
_dCLU
_dDLC
042 _apremarc
050 0 0 _aPK6820.A4
_bY8
100 0 _aʻAlī Ḥaydar Joshī.
245 0 0 _aYūsuf Khān Wa Bībī Sher Bāno.
_cauthor ʻAlī Ḥaydar.
260 _aPishāwar Shahar,
_bKutubʻKhānah Nūrāniyah
_c[195-?]
300 _a40 p.
_c25 cm.
500 _aPoems.
999 _c66837
_d66837